[Event "1nd Marrakesh Morocco, Open"]
[Site "?"]
[Date "2010.06.27"]
[Round "?"]
[White "Del Rio De Angelis, Salvador G"]
[Black "Guseinov, Gadir"]
[WhiteElo "2521"]
[BlackElo "2602"]
[Result "1-0"]

1. d4 Nf6 2. c4 g6 3. Nc3 Bg7 4. e4 d6 5. Nf3 O-O 6. Be2 c5 7. d5 e6 8. O-O exd5 9. cxd5 Bg4 10. Bg5 Bxf3 11. Bxf3 Nbd7 12. Be2 Re8 13. Qc2 a6 14. a4 Qc7 15. f4 c4 16. Kh1 h6 17. Bh4 Nc5 18. e5 dxe5 19. Rad1 Nd3 20. Bxf6 Bxf6 21. Ne4 Bd8 22. Bxd3 cxd3 23. Qxc7 Bxc7 24. Nf6+ Kf8 25. Nxe8 Rxe8 26. fxe5 Rxe5 27. Rxd3 Re4 28. Rb3 b6 29. Rc3 Bd8 30. b3 Rd4 31. Rc6 Ke8 32. Rd6 Re4 33. g3 Re2 34. a5 bxa5 35. Rxa6 Re7 36. Kg2 Rb7 37. Rf3 f6 38. Kf2 Kf7 39. Ke2 h5 40. Kd2 Rb4 41. h3 g5 42. Kc2 g4 43. hxg4 Rxg4 44. Re3 Rd4 45. Rd3 Rb4 46. d6 Bb6 47. Rd5 Rd4 48. Raxa5 Bxa5 49. Rxd4 Be1 50. Rf4 

1-0

[Event "1st Open"]
[Site "?"]
[Date "2010.07.02"]
[Round "?"]
[White "Del Rio De Angelis, Salvador G"]
[Black "Malakhatko, Vadim"]
[WhiteElo "2521"]
[BlackElo "2569"]
[Result "1-0"]

1. d4 d5 2. c4 e6 3. Nc3 c6 4. Nf3 Nf6 5. Bg5 Nbd7 6. e3 Qa5 7. cxd5 Nxd5 8. Qd2 Bb4 9. Rc1 h6 10. Bh4 c5 11. Bd3 cxd4 12. exd4 Nxc3 13. bxc3 Bd6 14. O-O Qc7 15. Qe2 b6 16. d5 Nc5 17. Bb5+ Kf8 18. dxe6 Bxe6 19. Rcd1 a6 20. Bc4 Re8 21. Rfe1 g5 22. Bg3 Bxg3 23. fxg3 Kg7 24. Nd4 Bxc4 25. Qxc4 Rxe1+ 26. Rxe1 Qd7 27. Rf1 Rf8 28. Qb4 Qd8 29. Qb1 Kh8 30. Qf5 Qd6 31. h4 gxh4 32. gxh4 Nd7 33. Re1 Nf6 34. Rf1 Ng8 35. Qh5 Qe7 36. Nf5 Qf6 37. Nd4 Qe7 38. Qf3 b5 39. Nc6 Qe8 40. Ne5 Kg7 41. Qg3+ Kh7 

1-0

[Event "Las Palmas Spain, Open"]
[Site "?"]
[Date "2005.11.30"]
[Round "?"]
[White "Del Rio De Angelis, Salvador G"]
[Black "Kurajica, Bojan"]
[WhiteElo "2487"]
[BlackElo "2532"]
[Result "1-0"]

1. d4 Nf6 2. c4 e6 3. Nc3 Bb4 4. e3 O-O 5. Bd3 d5 6. Nf3 c5 7. O-O Nc6 8. a3 Bxc3 9. bxc3 Qc7 10. cxd5 exd5 11. a4 Re8 12. Ba3 c4 13. Bc2 Bg4 14. Qe1 Bh5 15. Nh4 Ng4 16. g3 Bg6 17. Nxg6 hxg6 18. Qd2 Na5 19. Rae1 Nb3 20. Qd1 Qd7 21. Bxb3 cxb3 22. Qxb3 Rac8 23. Bc1 Nf6 24. f3 Re6 25. Bd2 Rb6 26. Qc2 Ra6 27. Ra1 Ne8 28. e4 dxe4 29. Qxe4 Nf6 30. Qb1 Rc4 31. a5 Nd5 32. Qd3 Rac6 33. Rac1 Qc7 34. Rfe1 Qxa5 35. Re8+ Kh7 36. Rce1 Nf6 37. R8e7 Rc7 38. Rxf7 Qf5 39. Qxf5 gxf5 40. Rxc7 Rxc7 41. Re5 Kg6 42. Kf2 Nd7 43. Ra5 a6 44. g4 fxg4 45. fxg4 Rc6 46. Rg5+ Kf7 47. Ke2 Nf6 48. Kd3 b5 49. Rf5 Kg6 50. h3 Rc8 51. h4 Re8 52. h5+ Kh7 53. g5 Nxh5 54. g6+ 

1-0

[Event "2nd Torneo A. D. San Juan"]
[Site "?"]
[Date "2008.07.25"]
[Round "?"]
[White "Del Rio De Angelis, Salvador G"]
[Black "Reinaldo Castineira, Roi"]
[WhiteElo "2499"]
[BlackElo "2495"]
[Result "1-0"]

1. d4 Nf6 2. c4 c5 3. d5 e6 4. Nc3 exd5 5. cxd5 d6 6. e4 g6 7. f4 Bg7 8. Bb5+ Nfd7 9. Nf3 a6 10. Bd3 b5 11. O-O O-O 12. Kh1 Nb6 13. f5 N8d7 14. Bg5 Qe8 15. a3 h6 16. Bf4 Qe7 17. Rc1 Bb7 18. Qd2 g5 19. Bg3 b4 20. axb4 cxb4 21. Ne2 Nc5 22. e5 dxe5 23. f6 Bxf6 24. d6 Qd8 25. Rxc5 e4 26. Bb1 exf3 27. gxf3 Bg7 28. Rc7 Bd5 29. Nd4 Re8 30. Nf5 Qf6 31. Qd3 Be6 32. Ne7+ Kf8 33. Qh7 

1-0

[Event "Llucmajor Spain, Open"]
[Site "?"]
[Date "2013.05.03"]
[Round "?"]
[White "Del Rio De Angelis, Salvador G"]
[Black "Satyapragyan, Swayangsu"]
[WhiteElo "2484"]
[BlackElo "2463"]
[Result "1-0"]

1. d4 Nf6 2. Nf3 e6 3. e3 c5 4. c4 a6 5. Nc3 b6 6. Bd3 Bb7 7. O-O Be7 8. b3 d6 9. Bb2 O-O 10. d5 exd5 11. cxd5 b5 12. e4 Nbd7 13. a4 b4 14. Nb1 Ng4 15. Nbd2 Bf6 16. Qc2 Bxb2 17. Qxb2 Nge5 18. Nxe5 Nxe5 19. Be2 f5 20. Nf3 Ng6 21. e5 dxe5 22. Nxe5 Qf6 23. f4 Rae8 24. Bc4 Nxe5 25. fxe5 Rxe5 26. d6+ Kh8 27. Rad1 f4 28. d7 Rd8 29. Rde1 Re4 30. Qxf6 gxf6 31. Bxa6 Rxe1 32. Rxe1 Rxd7 33. Bxb7 Rxb7 34. Kf2 Kg7 35. Re4 Rc7 36. Ke2 f5 37. Rxf4 Kf6 38. Kd3 Ke5 39. g3 Rd7+ 40. Kc4 Rd2 41. Kxc5 Rxh2 42. Rxb4 Rg2 43. a5 Rxg3 44. a6 Rg8 45. a7 

1-0

[Event "Calvia Spain, Open"]
[Site "?"]
[Date "2004.11.06"]
[Round "?"]
[White "Del Rio De Angelis, Salvador G"]
[Black "Vera, Reynaldo"]
[WhiteElo "2491"]
[BlackElo "2461"]
[Result "1-0"]

1. e4 c5 2. Nf3 d6 3. d4 cxd4 4. Nxd4 Nf6 5. Nc3 e6 6. g4 h6 7. h3 Nc6 8. Bg2 Bd7 9. Be3 g5 10. Ndb5 Qb8 11. f4 a6 12. fxg5 hxg5 13. Nd4 Rg8 14. O-O Be7 15. Qd2 Nh7 16. Nce2 Ne5 17. b3 b5 18. Ng3 Qc7 19. Rac1 Rc8 20. c3 Rg6 21. Nh5 Nf6 22. Ng3 Nh7 23. Nh1 Kf8 24. Nf2 Kg8 25. Nd3 Qb7 26. Nf3 f6 27. Nd4 Qb8 28. Nb2 Nf8 29. Qe2 Rg7 30. c4 Nfg6 31. cxb5 Rxc1 32. Rxc1 axb5 33. Nd3 Bd8 34. Nxe5 Nxe5 35. Nf3 Ng6 36. Qf2 Bc8 37. Bf1 Rc7 38. Rxc7 Bxc7 39. Nd4 Nf4 40. Nc6 Qb7 41. Ne7+ Kf7 42. Nxc8 Qxc8 43. h4 d5 44. hxg5 fxg5 45. Qc2 e5 46. Kf2 d4 47. Bxf4 gxf4 48. Bxb5 Qd8 49. Kf3 Bd6 50. Qc6 Kg6 51. b4 Kg5 52. Qd5 Qb8 53. Qf7 Qxb5 54. Qg7+ 

1-0

[Event "Calvia Spain, Open"]
[Site "?"]
[Date "2004.11.09"]
[Round "?"]
[White "Del Rio De Angelis, Salvador G"]
[Black "Pogorelov, Ruslan"]
[WhiteElo "2491"]
[BlackElo "2439"]
[Result "1-0"]

1. e4 c6 2. d4 d5 3. exd5 cxd5 4. c4 Nf6 5. Nc3 e6 6. Nf3 Bb4 7. cxd5 Nxd5 8. Qc2 Nc6 9. Be2 Nf6 10. O-O O-O 11. Rd1 Be7 12. a3 Bd7 13. Ng5 g6 14. h4 Rc8 15. h5 Nxh5 16. Nxh7 Kxh7 17. Bxh5 Kg7 18. d5 exd5 19. Rxd5 Rh8 20. Bg4 Bxg4 21. Rxd8 Rcxd8 22. Be3 Bf5 23. Ne4 Rh4 24. Qc3+ f6 25. Ng3 Be6 26. Re1 Rc4 27. Bh6+ Kf7 28. Qe3 Nd4 29. Ne4 Rc6 30. Qf4 Bf5 31. Ng3 Be6 32. Qe4 Rd7 33. Qh4 Nf5 34. Nxf5 Bxf5 35. Be3 g5 36. Qh5+ Bg6 37. Qg4 Rdc7 38. Bxa7 b6 39. Bb8 f5 40. Qd1 Rc8 41. Qd7 

1-0

[Event "Llucmajor Spain, Open"]
[Site "?"]
[Date "2013.05.01"]
[Round "?"]
[White "Del Rio De Angelis, Salvador G"]
[Black "Beikert, Guenther"]
[WhiteElo "2484"]
[BlackElo "2432"]
[Result "1-0"]

1. d4 d5 2. c4 c6 3. Nf3 Nf6 4. Nc3 e6 5. g3 dxc4 6. Bg2 b5 7. Ne5 Nd5 8. a4 Bb4 9. O-O O-O 10. axb5 Bxc3 11. bxc3 Nxc3 12. Qc2 Nxb5 13. e3 c3 14. Ba3 Bb7 15. Bxf8 Qxf8 16. Rfb1 a6 17. Nc4 Nd7 18. Na5 Qc8 19. Nxb7 Qxb7 20. Qxc3 Rc8 21. Qa5 Nb8 22. Rc1 Kf8 23. Rc2 Qc7 24. Qb4+ Qe7 25. Qb2 Qd6 26. Rac1 f6 27. Rc5 g6 28. Qc2 Na7 29. Qa4 Nb5 30. h4 Rc7 31. Qa5 Kg7 32. Qb4 Qd7 33. Qc4 Na7 34. Bh3 Kf7 35. Qb3 Nb5 36. d5 f5 37. Bg2 exd5 38. Bxd5+ Kg7 39. Qb2+ Kh6 40. Qe5 Na7 41. Qf4+ Kg7 42. h5 Qe7 43. h6+ Kf8 44. Qd4 Ke8 45. Bg2 Nd7 46. Bxc6 Nxc6 47. Rxc6 Rxc6 48. Rxc6 Ne5 49. Rc8+ Kf7 50. Qd5+ Kf6 51. f4 

1-0

[Event "9th Bilbao Open"]
[Site "?"]
[Date "2016.07.16"]
[Round "?"]
[White "Del Rio De Angelis, Salvador G"]
[Black "Franco Alonso, Alejandro"]
[WhiteElo "2508"]
[BlackElo "2427"]
[Result "1-0"]

1. d4 Nf6 2. c4 e6 3. Nc3 Bb4 4. e3 b6 5. Ne2 c5 6. a3 Ba5 7. Rb1 Na6 8. g3 Bb7 9. d5 b5 10. Bg2 bxc4 11. e4 O-O 12. O-O exd5 13. e5 Ng4 14. Bxd5 Bc6 15. f4 Nc7 16. Bxc6 dxc6 17. Qxd8 Rfxd8 18. h3 Nh6 19. f5 Rab8 20. Ne4 Rd5 21. g4 Rxe5 22. N2g3 Nd5 23. g5 Nxf5 24. Rxf5 Rxf5 25. Nxf5 c3 26. Kg2 Nf4+ 27. Kf3 Nd3 28. Ne7+ Kf8 29. Nxc6 cxb2 30. Rxb2 Rc8 31. Nxa5 Ke8 

1-0

[Event "1nd Azuqueca de Henares ESP. Open"]
[Site "?"]
[Date "2013.09.19"]
[Round "?"]
[White "Del Rio De Angelis, Salvador G"]
[Black "Taboas Rodriguez, Daniel"]
[WhiteElo "2499"]
[BlackElo "2399"]
[Result "1-0"]

1. d4 Nf6 2. c4 g6 3. Nc3 Bg7 4. e4 d6 5. Be2 O-O 6. Bg5 c6 7. Qd2 e5 8. d5 cxd5 9. cxd5 Na6 10. f3 h6 11. Be3 Nh5 12. g3 Kh7 13. Bd3 Nb4 14. Bb1 a5 15. Nge2 f5 16. exf5 Bxf5 17. O-O Qd7 18. Ne4 Rf7 19. a3 Na6 20. N2c3 Raf8 21. Rf2 Nc7 22. Bc2 Nf6 23. Nxf6+ Rxf6 24. Ne4 R6f7 25. Qxa5 Bh3 26. Bd1 Ne8 27. Qb4 Bf5 28. Ba4 

1-0

[Event "6th ch-Iberoamericano"]
[Site "?"]
[Date "2015.11.03"]
[Round "?"]
[White "Fier, Alexandr"]
[Black "Del Rio De Angelis, Salvador G"]
[WhiteElo "2624"]
[BlackElo "2512"]
[Result "0-1"]

1. d4 e6 2. c4 b6 3. e4 Bb7 4. Bd3 f5 5. exf5 Bb4+ 6. Kf1 Nf6 7. c5 bxc5 8. a3 c4 9. Bxc4 Ba5 10. fxe6 dxe6 11. Nf3 O-O 12. Nc3 Qd6 13. Qe2 Bxf3 14. Qxe6+ Kh8 15. Qxd6 cxd6 16. gxf3 Nc6 17. Be3 Rab8 18. b4 Bb6 19. Rd1 Nxb4 20. Bb3 Nc6 21. Ba4 Na5 22. Bf4 Nc4 23. Kg2 Ba5 24. Rc1 Bxc3 25. Rxc3 Nd5 26. Rxc4 Nxf4+ 27. Kg3 Rb6 28. Re1 d5 29. Rc6 Rb2 30. Bc2 Ra2 31. Rc3 g6 32. h4 Rf7 33. a4 Kg7 34. Kh2 Rb2 35. Rb1 Rxb1 36. Bxb1 Rb7 37. Bc2 Ne2 38. Rb3 Rc7 39. Bb1 Nxd4 40. Rd3 Ne2 41. h5 Kf6 42. hxg6 hxg6 43. Rd2 Rh7+ 44. Kg2 Nf4+ 45. Kg3 Rh8 

0-1

[Event "Ubeda op"]
[Site "?"]
[Date "1999.01.27"]
[Round "?"]
[White "Kazhgaleyev, Murtas"]
[Black "Del Rio De Angelis, Salvador G"]
[WhiteElo "2550"]
[BlackElo "2365"]
[Result "0-1"]

1. d4 e6 2. c4 f5 3. g3 Nf6 4. Bg2 c6 5. Nf3 d5 6. b3 Bd6 7. O-O Qe7 8. Nbd2 b6 9. Ne5 Bb7 10. Ndf3 Ne4 11. Nd3 Nd7 12. Bf4 O-O 13. Bxd6 Qxd6 14. Rc1 Rac8 15. Nfe5 Nxe5 16. Nxe5 c5 17. f3 cxd4 18. Qxd4 dxc4 19. Qxd6 Nxd6 20. Rfd1 cxb3 21. Rxc8 Rxc8 22. axb3 Bd5 23. g4 f4 24. g5 Nf7 25. Nd3 Bxb3 26. Rb1 Bc4 27. Nxf4 Nxg5 28. h4 e5 29. Nh5 Ne6 30. Bh3 Rc6 31. Kf2 Nf4 32. Nxf4 exf4 33. Rd1 Be6 34. Bxe6+ Rxe6 35. Rd7 a5 36. Ra7 Kf8 37. h5 Re7 38. Ra6 Re6 39. Ra7 h6 40. Ke1 Rd6 41. Kf2 Rd5 42. Ra6 Rb5 43. Kg2 Kf7 44. Kh3 Rb4 45. Kg4 Kf6 46. Ra8 g6 47. Rf8+ Kg7 48. Ra8 a4 49. Rc8 gxh5+ 50. Kf5 Rb5+ 

0-1

[Event "2nd Torneo A. D. San Juan"]
[Site "?"]
[Date "2008.06.22"]
[Round "?"]
[White "Garbisu De Goni, Unai"]
[Black "Del Rio De Angelis, Salvador G"]
[WhiteElo "2483"]
[BlackElo "2499"]
[Result "0-1"]

1. e4 Nf6 2. Nc3 d5 3. e5 Nfd7 4. e6 fxe6 5. d4 c5 6. dxc5 Nc6 7. Nf3 g6 8. Nd4 Ndb8 9. Nxc6 Nxc6 10. Bb5 Bg7 11. Qf3 Bd7 12. O-O Nd4 13. Bxd7+ Qxd7 14. Qd3 O-O 15. Be3 Nf5 16. Rad1 Rad8 17. Rfe1 Qc6 18. Bf4 Qxc5 19. Rxe6 Bxc3 20. bxc3 Ng7 21. Be3 Qc7 

0-1

[Event "9th Bilbao Open"]
[Site "?"]
[Date "2016.07.22"]
[Round "?"]
[White "Hansen, Torbjorn Ringdal"]
[Black "Del Rio De Angelis, Salvador G"]
[WhiteElo "2463"]
[BlackElo "2508"]
[Result "0-1"]

1. Nf3 d5 2. c4 c6 3. g3 g6 4. Bg2 Bg7 5. O-O Nh6 6. d4 Nf5 7. e3 O-O 8. cxd5 cxd5 9. Qb3 Nc6 10. Bd2 e6 11. Rc1 Re8 12. a4 Nd6 13. Be1 Bd7 14. Nc3 Nc4 15. Bf1 Rc8 16. Nd2 Nd6 17. Nb5 Bf8 18. Nf3 Ne4 19. a5 a6 20. Nc3 Nd6 21. Na4 Nxa5 22. Bxa5 Rxc1 23. Rxc1 Qxa5 24. Nc5 Bc8 25. Ne5 Qd8 26. h4 f6 27. Nf3 Re7 28. Nd3 Rc7 29. Rxc7 Qxc7 30. Nf4 b5 31. Bh3 Kf7 32. e4 Qc4 33. Qxc4 dxc4 34. e5 Nf5 35. exf6 Kxf6 36. g4 Bd6 37. Ne2 Ne7 38. Nc3 Bb4 39. Ne4+ Kg7 40. Ne5 Bb7 41. Nc5 Bxc5 42. dxc5 Bd5 43. f4 a5 44. Bg2 a4 45. Bxd5 Nxd5 46. Nc6 b4 47. Nd4 Kf6 48. c6 Ke7 49. Nb5 c3 50. bxc3 Nxc3 51. c7 Kd7 52. Nd4 b3 

0-1

[Event "24th OPEN INTERNACIONAL CIUTAT DE MONTCADA"]
[Site "?"]
[Date "2016.07.03"]
[Round "?"]
[White "Perez Mitjans, Orelvis"]
[Black "Del Rio De Angelis, Salvador G"]
[WhiteElo "2462"]
[BlackElo "2534"]
[Result "0-1"]

1. e4 e6 2. d4 d5 3. Nd2 c5 4. exd5 exd5 5. Ngf3 Nc6 6. Bb5 Bd6 7. O-O cxd4 8. Re1+ Ne7 9. Nxd4 O-O 10. N2b3 Ne5 11. c3 Ng4 12. h3 Nf6 13. Bd3 Bb8 14. Nd2 Qd6 15. Nf1 Ng6 16. Be3 Bd7 17. Qb3 Bc7 18. Rad1 Rfe8 19. Nb5 Bxb5 20. Qxb5 Bb6 21. Bc2 Nf4 22. Bb3 Ne6 23. Bxb6 Qxb6 24. Qxb6 axb6 25. Ne3 Nc7 26. Kf1 Rad8 27. Rd3 Rd7 28. Red1 Red8 29. Rd4 Kf8 30. Rb4 Rd6 31. Nf5 Re6 32. Nd4 Red6 33. Nb5 Nxb5 34. Rxb5 Ke7 35. Rd4 Ra8 36. Rdb4 Ra6 37. Ke2 Kd7 38. Rd4 Kc6 39. Rbb4 Ra8 40. g4 Re8+ 41. Kf3 Re1 42. c4 Kc7 43. cxd5 Nd7 44. Re4 Rf6+ 45. Kg2 Rxe4 46. Rxe4 Kd6 47. Bc4 Ne5 48. Bb3 Nd3 49. f3 g5 50. Re8 Ne5 51. Bd1 Ng6 52. Kg3 Kxd5 53. Bc2 Kc6 54. Be4+ Kc7 55. Bf5 Nf4 56. h4 h6 57. Re7+ Kd8 58. Rxb7 Rd6 59. hxg5 hxg5 60. Rb8+ Ke7 61. Rc8 Kf6 62. Rc2 Ke5 63. Be4 Rd1 64. a4 Kd4 65. b4 Ke3 66. Rc3+ Kd4 67. Rc2 Ke3 68. Kh2 Ne2 69. Bb7 Rd7 70. Bc6 Rd6 71. Be4 Kf2 

0-1

[Event "9th Bilbao Open"]
[Site "?"]
[Date "2016.07.17"]
[Round "?"]
[White "Gonzalez Perez, Arian"]
[Black "Del Rio De Angelis, Salvador G"]
[WhiteElo "2460"]
[BlackElo "2508"]
[Result "0-1"]

1. d4 e6 2. c4 b6 3. Nc3 Bb4 4. e4 Bb7 5. Qc2 Qh4 6. d5 f5 7. exf5 exd5 8. Nf3 Qe4+ 9. Kd1 Qxc2+ 10. Kxc2 Ne7 11. cxd5 Bxc3 12. bxc3 Bxd5 13. Bf4 Nbc6 14. Bxc7 O-O 15. Ba6 Rxf5 16. Rhe1 Raf8 17. Rad1 Be6 18. Bb7 Ra5 19. Bd6 Rf6 20. a3 Rg6 21. Ne5 Bf5+ 22. Kb2 Rxd6 23. Nxc6 Rxc6 24. Rxe7 Rb5+ 25. Ka1 Rxc3 26. Bd5+ Kf8 27. Re3 Rxe3 28. fxe3 Ke7 29. Rd4 Rb1+ 30. Ka2 Re1 31. Rf4 Bg6 32. Ra4 a5 33. Rf4 Rxe3 34. h4 Re5 35. Bb7 Bf7+ 36. Kb2 Re2+ 37. Kc3 Re3+ 38. Kd4 

0-1

[Event "9th Bilbao Open"]
[Site "?"]
[Date "2016.07.23"]
[Round "?"]
[White "Trigo Urquijo, Sergio"]
[Black "Del Rio De Angelis, Salvador G"]
[WhiteElo "2416"]
[BlackElo "2508"]
[Result "0-1"]

1. Nf3 d5 2. d4 Bf5 3. c4 e6 4. Nc3 Nf6 5. Bg5 Be7 6. e3 Nbd7 7. Bd3 Bg4 8. h3 Bh5 9. O-O O-O 10. Qe2 c5 11. cxd5 cxd4 12. exd4 Nxd5 13. Bxe7 Nxe7 14. Be4 Qb6 15. Qb5 Qxb5 16. Nxb5 Nf6 17. g4 Bxg4 18. Bxh7+ Kxh7 19. hxg4 Nxg4 20. Ne5 Nh6 21. Rac1 Nd5 22. Nd6 b6 23. Rfd1 f6 24. Nf3 Rfd8 25. Nb5 Rd7 26. Rc6 Re7 27. Re1 Rae8 28. Nd6 Rd8 29. Nc8 Rc7 30. Rxc7 Nxc7 31. Nxa7 Ra8 32. Nc6 Rxa2 33. Re2 Nf7 34. Ne1 Ra1 35. Kh2 Ng5 36. Nd3 Rd1 37. Nf4 Kg8 38. Rc2 Nb5 39. d5 exd5 40. Nxd5 Nd6 41. Nxb6 Nf3+ 42. Kg3 Rd3 43. Ne7+ Kh7 44. Rc1 g5 45. Rc7 Kh6 46. Nbd5 Nh4+ 47. Kh2 Ne4 48. Rc6 Rf3 49. Kg1 Rxf2 50. Ng8+ Kg7 51. Rxf6 Rg2+ 

0-1